Principios fundamentales de la penalidad en los sistemas mas modernos / (Record no. 167435)

MARC details
000 -LEADER
campo de control de longitud fija 00931nam a22002295i 4500
001 - NÚMERO DE CONTROL
campo de control 167435
003 - IDENTIFICADOR DE NÚMERO DE CONTROL
campo de control ES-MaACL
005 - FECHA Y HORA DE LA ÚLTIMA TRANSACCIÓN
campo de control 20250809034614.0
008 - DATOS DE LONGITUD FIJA--INFORMACIÓN GENERAL
campo de control de longitud fija 030307s1892 sp |||| | spa d
040 ## - FUENTE DE CATALOGACIÓN
Centro catalogador/agencia de origen CCPB | B
Lengua de catalogación spa
Centro/agencia transcriptor CCPB | B
100 1# - ENTRADA PRINCIPAL--NOMBRE DE PERSONA
Nombre de persona Vidal, Jorge.
9 (RLIN) 133692
245 10 - MENCIÓN DEL TÍTULO
Título Principios fundamentales de la penalidad en los sistemas mas modernos /
Mención de responsabilidad, etc. por Jorge Vidal ; traducida de la última edición francesa por José García Giménez del Cerro.
260 ## - PUBLICACIÓN, DISTRIBUCIÓN, ETC.
Lugar de publicación, distribución, etc. Madrid :
Nombre del editor, distribuidor, etc. librería editorial de Bailly-Baillière e hijos,
Fecha de publicación, distribución, etc. 1892.
300 ## - DESCRIPCIÓN FÍSICA
Extensión 651 p. ;
Dimensiones 22 cm.
500 ## - NOTA GENERAL
Nota general Obra premiada por el Instituto de Francia (Academia de Ciencias Morales y Políticas)
650 #7 - PUNTO DE ACCESO ADICIONAL DE MATERIA--TÉRMINO DE MATERIA
Término de materia o nombre geográfico como elemento de entrada Derecho penal
Fuente del encabezamiento o término embne
9 (RLIN) 11749
700 21 - ENTRADA AGREGADA--NOMBRE PERSONAL
Nombre de persona García Giménez del Cerro, José,
Término indicativo de función/relación
9 (RLIN) 127207
752 ## - ENTRADA AGREGADA--NOMBRE JERÁRQUICO DEL LUGAR
País o entidad superior España -
Ciudad Madrid
852 ## - LOCALIZACIÓN
Ubicación ES-MaACL
Número de control de estantería G-15013
Nota libre -- Enc. pasta española
Holdings
Estatus retirado Estado de pérdida Estado de daño No para préstamo Colección Biblioteca de origen Biblioteca actual Ubicación en estantería Fecha de adquisición Fuente de adquisición Total de préstamos Signatura topográfica completa Código de barras Visto por última vez Precio de reemplazo Tipo de ítem Koha
        Libros del s. XIX Biblioteca del Ateneo de Madrid Biblioteca del Ateneo de Madrid Sala Pecera Planta 3 17/01/2008     G-15013 1175647 23/02/2023 23/02/2023 Libro impreso antiguo